000 00701nam a2200217Ia 4500
005 20250508165110.0
008 008 250505s9999 xx 000 0 eng d
020 _a0 521 08293 5
037 _aTextBook
040 _aFEDL
_beng
_cFEDL
041 _aeng
_2eng
084 _a301, GID/R
_qFEDL
100 _aGiddens Anthony
245 0 _aCapitalism and modern social theory : An analysis of the writings of Marx, Durkheim and Max Weber
260 _aCambridge
_bCambridge University Press
_c1971
300 _axvii,261p.
365 _aGBP
_b5.5
546 _aAcc No. 086789 is MACESE book. Indian Edition.1992. Rs. 95.00
942 _cTB
_h301, GID/R
999 _c1393154
_d1393154